[Event "Valencia Cuna op 6th"]
[Site "Valencia"]
[Date "2025.07.07"]
[Round "3"]
[White "Macias Pino, Diego"]
[Black "Ribera Veganzones, Serni"]
[Result "1/2-1/2"]
[WhiteElo "2501"]
[BlackElo "2302"]
[PlyCount "95"]
[EventDate "2025.07.05"]
[EventType "swiss"]
[EventRounds "9"]
[EventCountry "ESP"]
[SourceTitle "CB28_2025"]
[SourceDate "2025.07.09"]
[SourceVersion "1"]
[SourceVersionDate "2025.07.09"]
[SourceQuality "1"]

1. c4 e6 2. Nc3 d5 3. d4 Nf6 4. cxd5 exd5 5. Bg5 c6 6. e3 h6 7. Bh4 Be7 8. Bd3 0-0 9. Nge2 Re8 10. 0-0 Nbd7 11. a4 Nh5 12. Bxe7 Qxe7 13. a5 Nf8 14. Nc1 Qg5 15. f4 Qh4 16. Qf3 Bg4 17. Qf2 Qe7 18. f5 g6 19. fxg6 Nxg6 20. Kh1 Rad8 21. e4 dxe4 22. Bxe4 Rd6 23. Nd3 Rf6 24. Qd2 Rxf1+ 25. Rxf1 Qh4 26. Kg1 Bc8 27. Ne5 Nxe5 28. dxe5 Qg5 29. Qf2 Re7 30. Qxa7 Qxe5 31. Qb6 Kg7 32. Kh1 Nf6 33. Bf3 Bf5 34. Qf2 Bg6 35. h3 Qxa5 36. Bxc6 Qe5 37. Bf3 b5 38. Qh4 Rd7 39. Re1 Qd4 40. Qxd4 Rxd4 41. Rd1 Rb4 42. Rd2 Ne4 43. Nxe4 Bxe4 44. Be2 Kf6 45. Kg1 Ke5 46. Kf2 f5 47. g3 f4 48. Bd1 1/2-1/2

[Event "Valencia Cuna op 6th"]
[Site "Valencia"]
[Date "2025.07.05"]
[Round "1"]
[White "Macias Pino, Diego"]
[Black "Venkatesh, Marani Rajendran"]
[Result "1-0"]
[WhiteElo "2501"]
[BlackElo "2342"]
[PlyCount "83"]
[EventDate "2025.07.05"]
[EventType "swiss"]
[EventRounds "9"]
[EventCountry "ESP"]
[SourceTitle "CB28_2025"]
[SourceDate "2025.07.09"]
[SourceVersion "1"]
[SourceVersionDate "2025.07.09"]
[SourceQuality "1"]

1. e4 e5 2. Nf3 Nc6 3. Bc4 Nf6 4. Ng5 d5 5. exd5 Na5 6. Bb5+ c6 7. dxc6 bxc6 8. Bd3 Nd5 9. Nf3 Nf4 10. Bf1 e4 11. d3 exf3 12. Bxf4 Qf6 13. Qxf3 Qxb2 14. Qe2+ Be6 15. Qe5 Bb4+ 16. Kd1 Qxe5 17. Bxe5 0-0 18. Bc3 c5 19. Bd2 Bxd2 20. Nxd2 Rfd8 21. Nb3 Nc6 22. Nxc5 Bf5 23. Rb1 Rac8 24. Rb2 Ne5 25. Nb3 Nc4 26. Rb1 a5 27. Be2 Na3 28. Rc1 a4 29. Nd2 Nb5 30. Nb1 Be6 31. a3 Ba2 32. Bg4 Rc5 33. Re1 f5 34. Bf3 Nd4 35. Nd2 Kf7 36. Re3 Rc3 37. Re5 Kf6 38. Ra5 Rdc8 39. Ra6+ Kg5 40. h4+ Kxh4 41. Rxa4 Rd8 42. Be2 1-0

[Event "Barcelona GM 06"]
[Site "Barcelona"]
[Date "2025.06.30"]
[Round "8"]
[White "Munoz Pantoja, Miguel Angel"]
[Black "Macias Pino, Diego"]
[Result "1/2-1/2"]
[WhiteElo "2321"]
[BlackElo "2501"]
[PlyCount "57"]
[EventDate "2025.06.25"]
[EventType "tourn"]
[EventRounds "9"]
[EventCountry "ESP"]
[EventCategory "7"]
[SourceTitle "CB28_2025"]
[SourceDate "2025.07.09"]
[SourceVersion "1"]
[SourceVersionDate "2025.07.09"]
[SourceQuality "1"]

1. e4 c5 2. Nf3 Nc6 3. d4 cxd4 4. Nxd4 Nf6 5. Nc3 d6 6. Bg5 e6 7. Qd2 a6 8. 0-0-0 Be7 9. f4 Bd7 10. Nxc6 Bxc6 11. Bd3 b5 12. e5 dxe5 13. fxe5 Nd7 14. Bxe7 Qxe7 15. Qf4 Nc5 16. Be4 Nxe4 17. Nxe4 0-0 18. Rhe1 Rfd8 19. Nd6 Bd5 20. Rxd5 exd5 21. Nf5 Qf8 22. Re3 Re8 23. Nxg7 Qxg7 24. Rg3 Re6 25. Rxg7+ Kxg7 26. Qd4 Rae8 27. Qxd5 Rxe5 28. Qd4 h5 29. b3 1/2-1/2

[Event "Barcelona GM 06"]
[Site "Barcelona"]
[Date "2025.06.28"]
[Round "5"]
[White "Macias Pino, Diego"]
[Black "Cesar Maestre, Bernardo"]
[Result "1/2-1/2"]
[WhiteElo "2501"]
[BlackElo "2370"]
[PlyCount "77"]
[EventDate "2025.06.25"]
[EventType "tourn"]
[EventRounds "9"]
[EventCountry "ESP"]
[EventCategory "7"]
[SourceTitle "CB28_2025"]
[SourceDate "2025.07.09"]
[SourceVersion "1"]
[SourceVersionDate "2025.07.09"]
[SourceQuality "1"]

1. e4 e5 2. Nf3 Nc6 3. Bb5 a6 4. Ba4 Nf6 5. 0-0 b5 6. Bb3 Bb7 7. d3 Bc5 8. Be3 Qe7 9. Qd2 0-0 10. Bg5 h6 11. Bh4 Nd4 12. Nxd4 Bxd4 13. c3 Bb6 14. Kh1 Rfe8 15. Qe2 g5 16. Bg3 Kg7 17. a4 d5 18. Nd2 Rad8 19. Bc2 dxe4 20. dxe4 Nh5 21. Nf3 Nxg3+ 22. fxg3 c6 23. Bb3 f6 24. h3 Rd6 25. Nh2 Red8 26. Ng4 h5 27. Ne3 Bxe3 28. Qxe3 Rd3 29. Qb6 Rxg3 30. axb5 cxb5 31. Bd5 Bxd5 32. exd5 Rd6 33. Qc5 Rd3 34. Rad1 e4 35. Rxd3 exd3 36. Rd1 d2 37. Rxd2 Qe1+ 38. Kh2 Qe5+ 39. Kh1 1/2-1/2

[Event "Barcelona GM 06"]
[Site "Barcelona"]
[Date "2025.06.28"]
[Round "6"]
[White "Mompel Ferruz, Xavier"]
[Black "Macias Pino, Diego"]
[Result "0-1"]
[WhiteElo "2342"]
[BlackElo "2501"]
[PlyCount "72"]
[EventDate "2025.06.25"]
[EventType "tourn"]
[EventRounds "9"]
[EventCountry "ESP"]
[EventCategory "7"]
[SourceTitle "CB28_2025"]
[SourceDate "2025.07.09"]
[SourceVersion "1"]
[SourceVersionDate "2025.07.09"]
[SourceQuality "1"]

1. e4 c5 2. Nf3 d6 3. d4 cxd4 4. Nxd4 Nf6 5. Nc3 Nc6 6. Bg5 a6 7. Qd3 Bd7 8. Nxc6 Bxc6 9. 0-0-0 Qa5 10. Bxf6 gxf6 11. Kb1 e6 12. f4 0-0-0 13. Be2 h5 14. Bf3 Qc5 15. Rhe1 Kb8 16. Ne2 Be7 17. Nd4 Bd7 18. Nb3 Qc7 19. Qe3 Rc8 20. Rd2 Bf8 21. Rc1 e5 22. c4 Bh6 23. g3 exf4 24. gxf4 d5 25. cxd5 Qxf4 26. Rxc8+ Bxc8 27. Qc3 Bg4 28. Bxg4 hxg4 29. Rc2 Qf1+ 30. Nc1 Bf4 31. Qc5 Be5 32. Qe7 Qf4 33. a3 Qxe4 34. Qd7 Rxh2 35. Qc8+ Ka7 36. Qc5+ Ka8 0-1

[Event "Menorca op-A 4th"]
[Site "Ciutadella"]
[Date "2025.04.25"]
[Round "6"]
[White "Macias Pino, Diego"]
[Black "Mamedov, Edgar"]
[Result "1/2-1/2"]
[WhiteElo "2510"]
[BlackElo "2453"]
[PlyCount "61"]
[EventDate "2025.04.22"]
[EventType "swiss"]
[EventRounds "9"]
[EventCountry "ESP"]
[SourceTitle "CB18_2025"]
[SourceDate "2025.04.30"]
[SourceVersion "1"]
[SourceVersionDate "2025.04.30"]
[SourceQuality "1"]

1. d4 d5 2. c4 e6 3. Nc3 Nf6 4. cxd5 exd5 5. Bg5 Be7 6. e3 h6 7. Bh4 Bg4 8. Qb3 Nbd7 9. Bg3 0-0 10. Bd3 c5 11. Qxb7 cxd4 12. exd4 Ne4 13. Bxe4 dxe4 14. Nge2 Re8 15. 0-0 Bg5 16. h3 Bxe2 17. Nxe2 Nb6 18. Rad1 Re7 19. Qa6 Nd5 20. Nc3 Qd7 21. Qd6 Nxc3 22. bxc3 Rc8 23. Qxd7 Rxd7 24. h4 Bd8 25. Rfe1 f5 26. Re3 Ba5 27. Rb1 Rxc3 28. Rb5 Rc1+ 29. Kh2 Bd2 30. Re2 Rxd4 31. Rxf5 1/2-1/2

[Event "Roquetas de Mar op 36th"]
[Site "Roquetas de Mar"]
[Date "2025.01.02"]
[Round "1"]
[White "Conon, Catalin"]
[Black "Macias Pino, Diego"]
[Result "1/2-1/2"]
[WhiteElo "2072"]
[BlackElo "2491"]
[PlyCount "80"]
[EventDate "2025.01.02"]
[EventType "swiss"]
[EventRounds "9"]
[EventCountry "ESP"]
[SourceTitle "CB02_2025"]
[SourceDate "2025.01.08"]
[SourceVersion "1"]
[SourceVersionDate "2025.01.08"]
[SourceQuality "1"]

1. e4 c5 2. Nf3 d6 3. Bb5+ Nd7 4. c3 Ngf6 5. Bd3 g6 6. Bc2 Bg7 7. 0-0 Qc7 8. a4 d5 9. d3 0-0 10. Re1 e5 11. Nbd2 b6 12. b3 Bb7 13. Bb2 Rad8 14. Qe2 Rfe8 15. Rad1 Ba6 16. c4 d4 17. Nf1 Bc8 18. Ra1 Nb8 19. Bc1 Nc6 20. Bd2 Nh5 21. h3 Nb4 22. Bxb4 cxb4 23. Qd2 Nf4 24. Ng3 a5 25. Ne2 Ne6 26. Rab1 Nc5 27. Ng3 Rf8 28. Re2 Rde8 29. Rbe1 Ne6 30. Rb1 Nf4 31. Ree1 f5 32. exf5 gxf5 33. Ne2 Ng6 34. Qg5 Bb7 35. Rbd1 Qc6 36. Qh5 Re6 37. Nexd4 Nf4 38. Nxc6 Nxh5 39. Ncxe5 Nf4 40. d4 Bxe5 1/2-1/2

[Event "Barcelona Navidad GM"]
[Site "Barcelona"]
[Date "2024.12.28"]
[Round "4"]
[White "Macias Pino, Diego"]
[Black "Aloma Vidal, Roberto"]
[Result "1-0"]
[WhiteElo "2487"]
[BlackElo "2398"]
[PlyCount "101"]
[EventDate "2024.12.26"]
[EventType "tourn"]
[EventRounds "9"]
[EventCountry "ESP"]
[EventCategory "7"]
[SourceTitle "CB01_2025"]
[SourceDate "2025.01.01"]
[SourceVersion "1"]
[SourceVersionDate "2025.01.01"]
[SourceQuality "1"]

1. e4 c6 2. d4 d5 3. e5 Bf5 4. h4 Qd7 5. c4 e6 6. Nc3 h6 7. Nge2 Bb4 8. cxd5 cxd5 9. a3 Ba5 10. b4 Bb6 11. Nf4 Ne7 12. Be3 Nbc6 13. Bb5 a6 14. Ba4 a5 15. Nh5 Kf8 16. b5 Nxe5 17. dxe5 d4 18. Ne2 Rd8 19. Bf4 Bg4 20. Nhg3 d3 21. f3 Nd5 22. fxg4 dxe2 23. Qd2 Nxf4 24. Qxf4 Bd4 25. Ra2 Bc3+ 26. Kf2 e1Q+ 27. Rxe1 Bxe1+ 28. Kxe1 Qd4 29. Qxd4 Rxd4 30. Rd2 Rxd2 31. Kxd2 Ke7 32. Ne4 b6 33. Nd6 f6 34. Nc4 Rb8 35. Bd1 Rd8+ 36. Kc2 fxe5 37. Bf3 Rb8 38. Bc6 Kd8 39. Kd3 Kc7 40. Ke4 Rf8 41. Kxe5 g5 42. hxg5 hxg5 43. Kxe6 Rf4 44. Ne3 Ra4 45. Nd5+ Kb8 46. Nxb6 Rxa3 47. Nd7+ Kc7 48. Be4 Re3 49. b6+ Kd8 50. Nc5 a4 51. Kd6 1-0

[Event "Barcelona Navidad GM"]
[Site "Barcelona"]
[Date "2024.12.26"]
[Round "1"]
[White "Sosa, Tomas"]
[Black "Macias Pino, Diego"]
[Result "0-1"]
[WhiteElo "2520"]
[BlackElo "2487"]
[PlyCount "152"]
[EventDate "2024.12.26"]
[EventType "tourn"]
[EventRounds "9"]
[EventCountry "ESP"]
[EventCategory "7"]
[SourceTitle "CB01_2025"]
[SourceDate "2025.01.01"]
[SourceVersion "1"]
[SourceVersionDate "2025.01.01"]
[SourceQuality "1"]

1. h3 c5 2. e4 Nc6 3. Nf3 d6 4. Bc4 Nf6 5. d3 g6 6. 0-0 Bg7 7. Re1 d5 8. exd5 Nxd5 9. Nbd2 0-0 10. a3 b6 11. Ba2 Bb7 12. Nc4 Qc7 13. Bg5 Rfe8 14. Bh4 Rad8 15. Ng5 Nd4 16. Ne3 Qd7 17. c3 Nf5 18. Nxf5 Qxf5 19. Qf3 Bf6 20. Qxf5 gxf5 21. Rad1 e6 22. Nf3 Bxh4 23. Nxh4 Nf4 24. Bc4 Bc6 25. Re3 Rd6 26. b4 Red8 27. bxc5 bxc5 28. Re5 Bd5 29. Bb5 Kg7 30. Kh2 Kf6 31. Re3 Bb3 32. Rb1 Bc2 33. Rb2 Bxd3 34. g3 Bxb5 35. Rxb5 Nd3 36. Re2 Ra6 37. Ra2 Rdd6 38. Ng2 Rdb6 39. Rxb6 axb6 40. Ne3 b5 41. Rd2 Ne5 42. Ra2 Nc6 43. Nc2 Ke5 44. Rb2 Ra5 45. Kg2 Ke4 46. Ne1 Kd5 47. Rd2+ Kc4 48. Rd6 Ne5 49. f4 Ng6 50. Nf3 Rxa3 51. Nd2+ Kxc3 52. Nb1+ Kb2 53. Nxa3 Kxa3 54. Kf3 c4 55. Ke2 Ne7 56. Kd1 Kb3 57. Rb6 b4 58. Kc1 c3 59. Rb7 Nd5 60. Rxf7 Kc4 61. Rxh7 b3 62. Rb7 Nb4 63. Rc7+ Kd3 64. h4 Na2+ 65. Kb1 Kd2 66. h5 Nb4 67. h6 Nc2 68. Rd7+ Ke1 69. Kc1 Na3 70. Rb7 b2+ 71. Rxb2 cxb2+ 72. Kxb2 Nc4+ 73. Kc3 Nd6 74. Kd4 Kf2 75. g4 fxg4 76. h7 Nf7 0-1

[Event "ESP-ch 89th"]
[Site "Marbella"]
[Date "2024.12.14"]
[Round "4"]
[White "Santos Latasa, Jaime"]
[Black "Macias Pino, Diego"]
[Result "1-0"]
[WhiteElo "2628"]
[BlackElo "2487"]
[PlyCount "87"]
[EventDate "2024.12.11"]
[EventType "swiss"]
[EventRounds "9"]
[EventCountry "ESP"]
[SourceTitle "CB52_2024"]
[SourceDate "2024.12.25"]
[SourceVersion "1"]
[SourceVersionDate "2024.12.25"]
[SourceQuality "1"]

1. e4 e5 2. Nf3 Nc6 3. Bc4 Nf6 4. d3 Be7 5. 0-0 0-0 6. Nc3 d6 7. a4 Na5 8. Ba2 c5 9. Bg5 Nc6 10. Bxf6 Bxf6 11. Nd5 g6 12. Qd2 Bg4 13. Qe3 Bg7 14. c3 Rc8 15. Rfb1 Kh8 16. h3 Be6 17. b4 cxb4 18. Nxb4 b6 19. Nxc6 Rxc6 20. Bxe6 fxe6 21. c4 d5 22. a5 dxc4 23. dxc4 Rxc4 24. axb6 axb6 25. Ra6 Rc6 26. Raxb6 Rxb6 27. Rxb6 Qe7 28. Ra6 Kg8 29. Qb3 Re8 30. Qa4 Bf6 31. Ra7 Qd8 32. Qc6 Qc8 33. Rc7 Qd8 34. g3 Kh8 35. Kg2 Kg8 36. h4 Kh8 37. Nh2 Rf8 38. Qb7 h5 39. Nf3 Qa8 40. Qb4 Re8 41. Qd2 Bg7 42. Qd7 Rg8 43. Ng5 Qe8 44. Qd6 1-0

[Event "Wch U18"]
[Site "Florianopolis"]
[Date "2024.11.07"]
[Round "9"]
[White "Macias Pino, Diego"]
[Black "Razafindratsima, Timothe"]
[Result "1-0"]
[WhiteElo "2479"]
[BlackElo "2464"]
[PlyCount "119"]
[EventDate "2024.10.29"]
[EventType "swiss"]
[EventRounds "11"]
[EventCountry "BRA"]
[SourceTitle "CB45_2024"]
[Source "ChessBase"]
[SourceDate "2024.11.06"]
[SourceVersion "1"]
[SourceVersionDate "2024.11.06"]
[SourceQuality "1"]

1. e4 c5 2. Nf3 d6 3. Bb5+ Nd7 4. 0-0 a6 5. Bd3 Ngf6 6. c3 e6 7. Re1 b5 8. Bc2 Bb7 9. a4 Be7 10. d4 Qb8 11. Nbd2 0-0 12. e5 dxe5 13. dxe5 Nd5 14. Ne4 h6 15. Ng3 Rd8 16. Qe2 Nf8 17. Nh5 Ng6 18. Bd3 Bf8 19. axb5 axb5 20. Rxa8 Qxa8 21. Bxb5 Nde7 22. Kf1 Nf5 23. Bd3 Qa4 24. Bc2 Qg4 25. Ng3 Bd5 26. Be4 Nxg3+ 27. fxg3 Ne7 28. c4 Bxe4 29. Qxe4 Qxe4 30. Rxe4 Nc6 31. Bd2 Be7 32. Bc3 Rb8 33. Ke2 Bd8 34. Kd3 Ba5 35. Bxa5 Nxa5 36. Kc3 Kf8 37. Nd2 Ke7 38. Re1 Rb7 39. Ra1 Nc6 40. Ne4 Nxe5 41. Nxc5 Rc7 42. b4 g5 43. Ra8 g4 44. h4 h5 45. Rh8 Ra7 46. Rxh5 Ra3+ 47. Nb3 f5 48. Rh7+ Kd6 49. c5+ Kc6 50. Re7 Kd5 51. Re8 Nd7 52. Rd8 Kc6 53. Kb2 Ra4 54. Nd4+ Kc7 55. Nxe6+ Kc6 56. Nd4+ Kc7 57. Ne6+ Kc6 58. b5+ Kxb5 59. Rxd7 Re4 60. Nf4 1-0

[Event "Wch U18"]
[Site "Florianopolis"]
[Date "2024.10.30"]
[Round "2"]
[White "Macias Pino, Diego"]
[Black "Kenbeilov, Timur"]
[Result "1-0"]
[WhiteElo "2479"]
[BlackElo "2281"]
[PlyCount "67"]
[EventDate "2024.10.29"]
[EventType "swiss"]
[EventRounds "11"]
[EventCountry "BRA"]
[SourceTitle "CB45_2024"]
[Source "ChessBase"]
[SourceDate "2024.11.06"]
[SourceVersion "1"]
[SourceVersionDate "2024.11.06"]
[SourceQuality "1"]

1. c4 Nf6 2. Nc3 e6 3. e4 d6 4. d4 Nbd7 5. Be2 c5 6. Nf3 a6 7. d5 exd5 8. exd5 Be7 9. Bf4 0-0 10. a4 Re8 11. h3 Bf8 12. Qc2 g6 13. g4 Ne5 14. Nxe5 dxe5 15. Be3 Qc7 16. 0-0-0 Rd8 17. Rhf1 Ne8 18. Bd3 Nd6 19. f4 Bh6 20. Qf2 Bxf4 21. Bxf4 exf4 22. Qxf4 Qe7 23. Rde1 Qf8 24. Qf6 Bd7 25. Re7 Be8 26. a5 Rd7 27. Re3 b5 28. axb6 Rb8 29. Na4 Nb7 30. Qe5 Rdd8 31. Nc3 Nd6 32. Rf6 Rxb6 33. Ne4 a5 34. Nxd6 1-0

[Event "ESP-chT CECLUB Honor"]
[Site "Melilla"]
[Date "2024.10.12"]
[Round "1.23"]
[White "Macias Pino, Diego"]
[Black "Javakhishvili, Lela"]
[Result "1/2-1/2"]
[WhiteElo "2479"]
[BlackElo "2425"]
[PlyCount "43"]
[EventDate "2024.10.12"]
[EventType "team-tourn"]
[EventRounds "7"]
[EventCountry "ESP"]
[SourceTitle "CB43_2024"]
[Source "Chessbase"]
[SourceDate "2024.10.23"]
[SourceVersion "1"]
[SourceVersionDate "2024.10.23"]
[SourceQuality "1"]
[WhiteTeam "Andreu Paterna"]
[BlackTeam "Solvay"]
[WhiteTeamCountry "ESP"]
[BlackTeamCountry "ESP"]

1. e4 e5 2. Nf3 Nc6 3. Bb5 Nf6 4. 0-0 Nxe4 5. Re1 Nd6 6. Nxe5 Be7 7. Bf1 Nf5 8. Nf3 0-0 9. d4 d5 10. c4 dxc4 11. d5 Nb4 12. Bxc4 Nd6 13. Bb3 Bf5 14. Be3 Bf6 15. Nd4 Bg6 16. Nc3 Nd3 17. Re2 Ne5 18. Bf4 Nd3 19. Be3 Ne5 20. Bf4 Nd3 21. Be3 Ne5 22. Bf4 1/2-1/2

[Event "EU-ch U18"]
[Site "Prague"]
[Date "2024.08.30"]
[Round "8"]
[White "Karolczuk, Iwo"]
[Black "Macias Pino, Diego"]
[Result "0-1"]
[WhiteElo "2356"]
[BlackElo "2477"]
[PlyCount "130"]
[EventDate "2024.08.22"]
[EventType "swiss"]
[EventRounds "9"]
[EventCountry "CZE"]
[SourceTitle "CBM 221 Extra"]
[Source "ChessBase"]
[SourceDate "2024.09.30"]
[SourceVersion "1"]
[SourceVersionDate "2024.09.30"]
[SourceQuality "1"]

1. d4 Nf6 2. c4 e6 3. Nc3 Bb4 4. Qc2 0-0 5. e4 d6 6. Bd3 Nc6 7. Nge2 Ba5 8. d5 Nb4 9. Qd1 Ng4 10. Bf4 e5 11. Bg3 f5 12. exf5 Nxd3+ 13. Qxd3 Bxf5 14. Qd2 Bb6 15. 0-0 Qe8 16. Rae1 Qg6 17. Na4 Bd3 18. Nxb6 axb6 19. f3 Nf6 20. b3 b5 21. cxb5 Bxb5 22. a4 Qd3 23. Qb2 Ba6 24. Nc3 Nxd5 25. Nxd5 Qxd5 26. Rf2 Rae8 27. b4 Bc4 28. Qc3 c6 29. Rd2 Qe6 30. f4 e4 31. f5 Rxf5 32. Rxd6 Qf7 33. h3 Bd5 34. Qe3 h6 35. Kh2 Ra8 36. Ra1 Kh7 37. Qd4 Re8 38. Qe3 Qe7 39. b5 Ra8 40. b6 Rf6 41. Rxf6 Qxf6 42. Ra3 Qe6 43. a5 Bc4 44. Ra4 Qd5 45. Qc3 Bd3 46. Be5 c5 47. Ra1 e3 48. a6 Bxa6 49. Qxe3 Re8 50. Re1 Re6 51. Qg3 Rg6 52. Qf2 Bd3 53. Bc7 Be4 54. Rg1 c4 55. Bf4 c3 56. Be3 c2 57. Qe2 Qe5+ 58. g3 Rf6 59. Rf1 Re6 60. Re1 Bg6 61. Qd2 Rd6 62. Qf2 Rd1 63. Qe2 c1Q 64. Bxc1 Rxe1 65. Bg5 Qxe2# 0-1

[Event "EU-ch U18"]
[Site "Prague"]
[Date "2024.08.26"]
[Round "5"]
[White "Macias Pino, Diego"]
[Black "Piliposyan, Robert"]
[Result "1/2-1/2"]
[WhiteElo "2477"]
[BlackElo "2376"]
[PlyCount "25"]
[EventDate "2024.08.22"]
[EventType "swiss"]
[EventRounds "9"]
[EventCountry "CZE"]
[SourceTitle "CBM 221 Extra"]
[Source "ChessBase"]
[SourceDate "2024.09.30"]
[SourceVersion "1"]
[SourceVersionDate "2024.09.30"]
[SourceQuality "1"]

1. e4 e5 2. Nf3 Nc6 3. Bb5 a6 4. Ba4 Nf6 5. 0-0 Nxe4 6. d4 b5 7. Bb3 d5 8. dxe5 Be6 9. Be3 Be7 10. c3 Nc5 11. Nbd2 Nd3 12. Bc2 Nxb2 13. Qb1 1/2-1/2

[Event "EU-ch U18"]
[Site "Prague"]
[Date "2024.08.24"]
[Round "3"]
[White "Macias Pino, Diego"]
[Black "Gasparyan, Erik R"]
[Result "1-0"]
[WhiteElo "2477"]
[BlackElo "2350"]
[PlyCount "85"]
[EventDate "2024.08.22"]
[EventType "swiss"]
[EventRounds "9"]
[EventCountry "CZE"]
[SourceTitle "CBM 221 Extra"]
[Source "ChessBase"]
[SourceDate "2024.09.30"]
[SourceVersion "1"]
[SourceVersionDate "2024.09.30"]
[SourceQuality "1"]

1. e4 e5 2. Nf3 Nc6 3. Bb5 a6 4. Ba4 Nf6 5. 0-0 Be7 6. Re1 b5 7. Bb3 d6 8. c3 0-0 9. h3 Na5 10. Bc2 c5 11. d4 Qc7 12. Nbd2 Be6 13. d5 Bd7 14. b3 c4 15. b4 Nb7 16. Nf1 Ne8 17. a4 g6 18. axb5 Bxb5 19. Bh6 Ng7 20. Ne3 f6 21. Ba4 Rfc8 22. Re2 Nd8 23. Bxg7 Kxg7 24. Rea2 Rab8 25. Qc1 Rb7 26. Nd2 Nf7 27. Bd1 Qd8 28. Bg4 Rcc7 29. Qf1 Nh6 30. Be2 f5 31. Nexc4 Bg5 32. Na5 Rb6 33. Bxb5 axb5 34. Nc6 Qf6 35. Qd3 Bxd2 36. Qxd2 fxe4 37. Qe3 Rbb7 38. Ra8 Nf7 39. Qxe4 Qf5 40. Qe3 Qg5 41. Qxg5 Nxg5 42. Nd8 Rb6 43. h4 1-0

[Event "EU-ch U18 blitz"]
[Site "Prague"]
[Date "2024.08.20"]
[Round "8"]
[White "Macias Pino, Diego"]
[Black "Klimkowski, Jan"]
[Result "0-1"]
[WhiteElo "2477"]
[BlackElo "2508"]
[PlyCount "81"]
[EventDate "2024.08.19"]
[EventType "swiss (blitz)"]
[EventRounds "18"]
[EventCountry "CZE"]
[SourceTitle "CBM 221 Extra"]
[Source "ChessBase"]
[SourceDate "2024.09.30"]
[SourceVersion "1"]
[SourceVersionDate "2024.09.30"]
[SourceQuality "1"]

1. e4 e5 2. Nf3 Nc6 3. Bc4 Nf6 4. d3 Bc5 5. 0-0 0-0 6. Re1 Ng4 7. Re2 Kh8 8. h3 f5 9. Nc3 Nf6 10. Nd5 d6 11. Bg5 fxe4 12. dxe4 Be6 13. c3 Bxd5 14. Bxd5 a5 15. a3 Qe8 16. b4 Bb6 17. Rc1 Qg6 18. Bxc6 bxc6 19. Qd3 Nh5 20. Bd2 axb4 21. axb4 Rf4 22. Kh2 Raf8 23. Rg1 Qf7 24. Be3 Rxf3 25. gxf3 Qxf3 26. Qd2 Bxe3 27. Qxe3 Qf7 28. Qd2 Nf4 29. Re3 Ra8 30. Reg3 g6 31. Qe3 Ra2 32. Rd1 Re2 33. Qf3 Qa2 34. Kg1 Qc2 35. Rf1 Rxe4 36. Rg4 Re2 37. b5 cxb5 38. Kh1 Kg7 39. h4 Rd2 40. Rg3 Rd3 41. Qb7 0-1

[Event "EU-ch U18 blitz"]
[Site "Prague"]
[Date "2024.08.20"]
[Round "17"]
[White "Macias Pino, Diego"]
[Black "Pasti, Aron"]
[Result "1-0"]
[WhiteElo "2477"]
[BlackElo "2370"]
[PlyCount "66"]
[EventDate "2024.08.19"]
[EventType "swiss (blitz)"]
[EventRounds "18"]
[EventCountry "CZE"]
[SourceTitle "CBM 221 Extra"]
[Source "ChessBase"]
[SourceDate "2024.09.30"]
[SourceVersion "1"]
[SourceVersionDate "2024.09.30"]
[SourceQuality "1"]

1. e4 c5 2. Nf3 e6 3. d4 cxd4 4. Nxd4 Nc6 5. Nc3 Qc7 6. Be2 Nf6 7. Ndb5 Qb8 8. f4 d6 9. Be3 a6 10. Nd4 Be7 11. g4 Qc7 12. g5 Nd7 13. h4 Nc5 14. Bf3 Bd7 15. Qd2 b5 16. a3 Rc8 17. b4 Nb7 18. Nce2 e5 19. Nxc6 Bxc6 20. f5 Nd8 21. Rc1 Bb7 22. c3 f6 23. Ng3 Nf7 24. Nh5 Rg8 25. Rg1 fxg5 26. hxg5 g6 27. Nf6+ Bxf6 28. gxf6 Qc4 29. Rg4 Kd7 30. Be2 Qc6 31. fxg6 hxg6 32. Qa2 Rcf8 33. c4 bxc4 1-0

[Event "EU-ch U18 blitz"]
[Site "Prague"]
[Date "2024.08.20"]
[Round "18"]
[White "Pasti, Aron"]
[Black "Macias Pino, Diego"]
[Result "0-1"]
[WhiteElo "2370"]
[BlackElo "2477"]
[PlyCount "86"]
[EventDate "2024.08.19"]
[EventType "swiss (blitz)"]
[EventRounds "18"]
[EventCountry "CZE"]
[SourceTitle "CBM 221 Extra"]
[Source "ChessBase"]
[SourceDate "2024.09.30"]
[SourceVersion "1"]
[SourceVersionDate "2024.09.30"]
[SourceQuality "1"]

1. e4 c6 2. d4 d5 3. Nc3 dxe4 4. Nxe4 Nf6 5. Nxf6+ exf6 6. c3 Bd6 7. Bd3 0-0 8. Ne2 Re8 9. 0-0 Bg4 10. Qc2 g6 11. Ng3 Nd7 12. f4 Nf8 13. f5 Bxg3 14. hxg3 g5 15. Bd2 Qd6 16. Be1 Re7 17. Bf2 Rae8 18. Rae1 Nd7 19. Qd2 c5 20. Rxe7 Rxe7 21. Re1 Rxe1+ 22. Qxe1 cxd4 23. Bxd4 Ne5 24. Bc2 a6 25. Qe4 Nf3+ 26. Kf2 Nxd4 27. Qxd4 Qxd4+ 28. cxd4 Kf8 29. b4 b6 30. d5 Ke7 31. Ke3 Kd6 32. Kd4 Be2 33. a4 Bf1 34. Be4 a5 35. bxa5 bxa5 36. Bf3 h6 37. Be4 Be2 38. Ke3 Bd1 39. Kd4 Bxa4 40. Bd3 Bb3 41. Be4 a4 42. Kc3 Bxd5 43. Kd3 Ke5 0-1

[Event "EU-ch U18 blitz"]
[Site "Prague"]
[Date "2024.08.19"]
[Round "2"]
[White "Dovgaliuk, Oleksandr"]
[Black "Macias Pino, Diego"]
[Result "0-1"]
[WhiteElo "1993"]
[BlackElo "2477"]
[PlyCount "69"]
[EventDate "2024.08.19"]
[EventType "swiss (blitz)"]
[EventRounds "18"]
[EventCountry "CZE"]
[SourceTitle "CBM 221 Extra"]
[Source "ChessBase"]
[SourceDate "2024.09.30"]
[SourceVersion "1"]
[SourceVersionDate "2024.09.30"]
[SourceQuality "1"]

1. d4 Nf6 2. Bg5 d5 3. Nd2 c5 4. dxc5 e6 5. Nb3 Bxc5 6. Nxc5 Qa5+ 7. c3 Qxc5 8. Bxf6 gxf6 9. Nf3 Nc6 10. e3 e5 11. Rc1 Be6 12. b4 Qe7 13. g3 0-0-0 14. Bg2 h5 15. 0-0 Kb8 16. h4 Bg4 17. Qa4 Qe6 18. Rfe1 Bxf3 19. Bxf3 e4 20. Be2 Ne5 21. Kg2 Rhg8 22. Rcd1 Nf3 23. Bxf3 exf3+ 24. Kh2 Rg4 25. Rd4 Rxd4 26. cxd4 Rc8 27. Qd1 Qf5 28. Rf1 Rc2 29. a4 a6 30. Kg1 Re2 31. Kh2 Rb2 32. b5 a5 33. Kg1 Rc2 34. Re1 Rc4 35. Rf1 0-1

[Event "EU-ch U18 blitz"]
[Site "Prague"]
[Date "2024.08.19"]
[Round "5"]
[White "Macias Pino, Diego"]
[Black "Borrmann, Laurenz"]
[Result "1-0"]
[WhiteElo "2477"]
[BlackElo "2427"]
[PlyCount "49"]
[EventDate "2024.08.19"]
[EventType "swiss (blitz)"]
[EventRounds "18"]
[EventCountry "CZE"]
[SourceTitle "CBM 221 Extra"]
[Source "ChessBase"]
[SourceDate "2024.09.30"]
[SourceVersion "1"]
[SourceVersionDate "2024.09.30"]
[SourceQuality "1"]

1. e4 e5 2. Nc3 Nf6 3. Bc4 Bc5 4. f4 d5 5. exd5 0-0 6. fxe5 Ng4 7. Nf3 Nf2 8. Qe2 Nxh1 9. Ne4 Bb6 10. d4 Bg4 11. Bg5 f6 12. exf6 gxf6 13. Bh6 f5 14. Neg5 Qd6 15. Qe6+ Kh8 16. Qxd6 cxd6 17. Bxf8 Nd7 18. Bxd6 Re8+ 19. Ne6 Bxf3 20. gxf3 Bxd4 21. Kd2 Be5 22. Bxe5+ Nxe5 23. Bb5 Nxf3+ 24. Ke3 f4+ 25. Kxf3 1-0